LIBRARY & INFORMATION CENTRE, KCAET, TAVANUR

ONLINE PUBLIC ACCESS CATALOGUE (OPAC)

Objective agriculture (Record no. 13943)

MARC details
000 -LEADER
fixed length control field 00256nam a22001097a 4500
020 ## - INTERNATIONAL STANDARD BOOK NUMBER
ISBN 8127220396
082 ## - DEWEY DECIMAL CLASSIFICATION NUMBER
Classification number 631.1
Item number PAL/OB
100 ## - MAIN ENTRY--AUTHOR NAME
Personal name Pal, Mahendra Singh
245 ## - TITLE STATEMENT
Title Objective agriculture
260 ## - PUBLICATION, DISTRIBUTION, ETC. (IMPRINT)
Place of publication Ludhiana
Name of publisher Kalyani publishers
Year of publication 2012
942 ## - ADDED ENTRY ELEMENTS (KOHA)
Koha item type Books
Holdings
Withdrawn status Lost status Damaged status Collection code Home library Current library Shelving location Date acquired Source of acquisition Cost, normal purchase price Full call number Accession Number Koha item type
      Non-fiction KAUAET KAUAET General Stacks 30/03/2013 Minerva Books 225.00 631.1 PAL/OB 23780 Books
free website counter